| 000 | 01278nam a2200373Ii 4500 | ||
|---|---|---|---|
| 001 | DIGPUZ1310 | ||
| 003 | NyNyDIG | ||
| 006 | m o d | ||
| 007 | cr ||||||||||| | ||
| 008 | 120225s2010 sp o 000 0 spa d | ||
| 020 | _z9788492774852 | ||
| 020 | _z8492774851 | ||
| 035 | _a(OCoLC)888275749 | ||
| 040 |
_aDGITA _beng _epn _cDGITA |
||
| 050 | 0 | 4 | _aQH430 eBook |
| 100 | 1 | _aMontoya Villarroya, Julio. | |
| 245 | 1 | 0 |
_aDel genoma mitocondrial a la enfermedad / _cJulio Montoya Villarroya. |
| 250 | _a1a. ed. | ||
| 264 | 1 |
_aZaragoza : _bPrensas Universitarias de Zaragoza, _c2010. |
|
| 300 | _a1 online resource (79 pages) | ||
| 336 |
_atext _btxt _2rdacontent |
||
| 337 |
_acomputer _bc _2rdamedia |
||
| 338 |
_aonline resource _bcr _2rdacarrier |
||
| 490 | 1 | _aParaninfo. Serie San Braulio | |
| 504 | _aIncludes bibliographical references (p. 61-77). | ||
| 600 | 1 | 0 | _aGenetics, Medical |
| 655 | 0 | _aElectronic books. | |
| 791 | 2 |
_aDigitalia (Firm), _edistributor. |
|
| 830 | 0 |
_aParaninfo (Zaragoza, Spain) _pSerie San Braulio. |
|
| 793 | 0 |
_gDigitalia eBook Collection: _aPrensas Universitarias de Zaragoza. |
|
| 856 | 4 | 0 |
_3Digitalia Hispánica _uhttps://www.digitaliapublishing.com/a/10380/ |
| 910 | _aPremium Collection: 2007-2012 | ||
| 942 | _cRAA | ||
| 999 |
_c232539 _d232539 |
||